<?xml version="1.0" encoding="UTF-8"?>
<record
    xmlns:xsi="http://www.w3.org/2001/XMLSchema-instance"
    xsi:schemaLocation="http://www.loc.gov/MARC21/slim http://www.loc.gov/standards/marcxml/schema/MARC21slim.xsd"
    xmlns="http://www.loc.gov/MARC21/slim">

  <leader>00843nas a22002297a 4500</leader>
  <controlfield tag="003">OSt</controlfield>
  <controlfield tag="005">20151119132157.0</controlfield>
  <controlfield tag="008">130703c1996    sp m|||| |||| 00| 0 spa d</controlfield>
  <datafield tag="022" ind1=" " ind2=" ">
    <subfield code="a">1137-1153</subfield>
  </datafield>
  <datafield tag="040" ind1=" " ind2=" ">
    <subfield code="c">CDMR</subfield>
    <subfield code="b">cat</subfield>
  </datafield>
  <datafield tag="245" ind1="0" ind2="0">
    <subfield code="a">Autocontrol</subfield>
    <subfield code="c">Asociaci&#xF3;n para la Autorregulaci&#xF3;n de la Comunicaci&#xF3;n Comercial</subfield>
  </datafield>
  <datafield tag="246" ind1=" " ind2="0">
    <subfield code="a">Autocontrol de la publicidad</subfield>
  </datafield>
  <datafield tag="247" ind1=" " ind2="0">
    <subfield code="a">AAP. Autocontrol de la publicidad</subfield>
  </datafield>
  <datafield tag="260" ind1=" " ind2=" ">
    <subfield code="a">Madrid</subfield>
    <subfield code="b">Asociaci&#xF3;n para la Autorregulaci&#xF3;n de la Comunicaci&#xF3;n Comercial</subfield>
    <subfield code="c">1996-</subfield>
  </datafield>
  <datafield tag="310" ind1=" " ind2=" ">
    <subfield code="a">Mensual</subfield>
  </datafield>
  <datafield tag="362" ind1=" " ind2=" ">
    <subfield code="a">N&#xFA;m. 1 (1996) - </subfield>
  </datafield>
  <datafield tag="650" ind1="0" ind2="4">
    <subfield code="9">875</subfield>
    <subfield code="a">Publicitat</subfield>
    <subfield code="v">Revistes</subfield>
  </datafield>
  <datafield tag="650" ind1="0" ind2="4">
    <subfield code="9">4580</subfield>
    <subfield code="a">Butlletins d'informaci&#xF3;</subfield>
  </datafield>
  <datafield tag="650" ind1="0" ind2="4">
    <subfield code="9">4595</subfield>
    <subfield code="a">Publicitaris</subfield>
    <subfield code="x">&#xC8;tica professional</subfield>
  </datafield>
  <datafield tag="856" ind1="4" ind2="0">
    <subfield code="u">http://dialnet.unirioja.es/servlet/revista?codigo=12701</subfield>
    <subfield code="y">Sumaris disponibles en l&#xED;nia (Dialnet)</subfield>
    <subfield code="z">(2008- )</subfield>
  </datafield>
  <datafield tag="942" ind1=" " ind2=" ">
    <subfield code="2">udc</subfield>
    <subfield code="c">SER</subfield>
  </datafield>
  <datafield tag="999" ind1=" " ind2=" ">
    <subfield code="c">6551</subfield>
    <subfield code="d">6551</subfield>
  </datafield>
  <datafield tag="952" ind1=" " ind2=" ">
    <subfield code="0">0</subfield>
    <subfield code="1">0</subfield>
    <subfield code="4">0</subfield>
    <subfield code="7">0</subfield>
    <subfield code="a">CDMR</subfield>
    <subfield code="b">CDMR</subfield>
    <subfield code="d">2013-07-03</subfield>
    <subfield code="h">N&#xFA;m. 126 (gen. 2008) - n&#xFA;m. 136 (des. 2008) / n&#xFA;m. 156 (oct. 2010) / n&#xFA;m. 159 (gen. 2011) / n&#xFA;m. 163 (maig 2011) - n&#xFA;m. 172 (mar&#xE7; 2012) / n&#xFA;m. 174 (maig 2012) -</subfield>
    <subfield code="r">2013-07-03</subfield>
    <subfield code="w">2013-07-03</subfield>
    <subfield code="y">SER</subfield>
  </datafield>
</record>
